000 00302nam a22001337a 4500
008 170831b xxu||||| |||| 00| 0 eng d
020 _a9780767416818
041 _aeng
080 _23 ED
_a070
100 _a40
101 _aMED
245 _aARGUING IN COMMUNICATIES
_cHATCH.G.L
942 _2udc
_cBK
999 _c25819
_d25819